The life of Nelson (Record no. 552542)
[ view plain ]
| 000 -LEADER | |
|---|---|
| fixed length control field | 00566cam a2200145Ka 4500 |
| 082 04 - DEWEY DECIMAL CLASSIFICATION NUMBER | |
| Classification number | 359.009241 |
| Author Mark | MAH |
| 100 1# - MAIN ENTRY--PERSONAL NAME | |
| Personal name | Mahan, A. T. |
| 9 (RLIN) | 49706 |
| 245 14 - TITLE STATEMENT | |
| Title | The life of Nelson |
| Remainder of title | the embodiment of the sea power of Great Britain / |
| Statement of responsibility, etc. | by A.T. Mahan. |
| 260 ## - PUBLICATION, DISTRIBUTION, ETC. | |
| Place of publication, distribution, etc. | London : |
| Name of publisher, distributor, etc. | Sampson, Low, Marston, |
| Date of publication, distribution, etc. | 1897. |
| 300 ## - PHYSICAL DESCRIPTION | |
| Extent | 2 v., [39] p. of plates (some fold.)` : |
| Other physical details | ill., maps, ports. ; |
| Dimensions | 23 cm. |
| 526 ## - STUDY PROGRAM INFORMATION NOTE | |
| Program name | 0 |
| Interest level | 0 |
| Reading level | 0 |
| Title point value | 359_009241000000000_MAH |
| 650 #0 - SUBJECT ADDED ENTRY--TOPICAL TERM | |
| Topical term or geographic name entry element | Admirals |
| Geographic subdivision | Great Britain |
| 9 (RLIN) | 49707 |
| 856 40 - ELECTRONIC LOCATION AND ACCESS | |
| Uniform Resource Identifier | <a href="http://catalog.hathitrust.org/api/volumes/oclc/2419002.html">http://catalog.hathitrust.org/api/volumes/oclc/2419002.html</a> |
| 942 ## - ADDED ENTRY ELEMENTS (KOHA) | |
| Source of classification or shelving scheme | |
| Koha item type | Book |
| Withdrawn status | Lost status | Source of classification or shelving scheme | Damaged status | Not for loan | Permanent Location | Current Location | Shelving location | Date acquired | Total Checkouts | Full call number | Barcode | Date last seen | Price effective from | Koha item type |
|---|---|---|---|---|---|---|---|---|---|---|---|---|---|---|
| Military College of Engineering (MCE) | Military College of Engineering (MCE) | 01/19/2015 | 359.009241 MAH | MCE-ECL / 34 | 01/19/2015 | 01/19/2015 | Book |
